Marketing Research. (Record no. 349703)

000 -LEADER
fixed length control field 00534nam a22002177a 4500
003 - CONTROL NUMBER IDENTIFIER
control field OSt
005 - DATE AND TIME OF LATEST TRANSACTION
control field 20180116182957.0
008 - FIXED-LENGTH DATA ELEMENTS--GENERAL INFORMATION
fixed length control field 140611b xxu||||| |||| 00| 0 eng d
020 ## - INTERNATIONAL STANDARD BOOK NUMBER
International Standard Book Number 9788131731819
022 ## - INTERNATIONAL STANDARD SERIAL NUMBER
International Standard Serial Number 9788131731819
040 ## - CATALOGING SOURCE
Transcribing agency 0
050 ## - LIBRARY OF CONGRESS CALL NUMBER
Classification number 658.83
082 ## - DEWEY DECIMAL CLASSIFICATION NUMBER
Classification number 658.83
100 ## - MAIN ENTRY--PERSONAL NAME
Relator code Malhotra,Naresh K.
245 ## - TITLE STATEMENT
Title Marketing Research.
Remainder of title An Applied Orientation.
Statement of responsibility, etc. Naresh K.Malhotra
250 ## - EDITION STATEMENT
Edition statement 6th.
260 ## - PUBLICATION, DISTRIBUTION, ETC.
Place of publication, distribution, etc. Delhi
Name of publisher, distributor, etc. Pearson
Date of publication, distribution, etc. 2013
300 ## - PHYSICAL DESCRIPTION
Extent 948p.
500 ## - GENERAL NOTE
General note Paper cover
942 ## - ADDED ENTRY ELEMENTS (KOHA)
Source of classification or shelving scheme
Koha item type Book
Call number prefix 658.83
Holdings
Withdrawn status Lost status Source of classification or shelving scheme Damaged status Not for loan Collection code Permanent Location Current Location Shelving location Date acquired Total Checkouts Full call number Barcode Date last seen Price effective from Koha item type
            Central Library (CL) Central Library (CL) General Stacks 08/04/2015   658.83 MAL NBS9201 08/04/2015 08/04/2015 Book
© 2023 Central Library, National University of Sciences and Technology. All Rights Reserved.